The adventures of the wishing-chair

Bibliographic Details
Main Author: Blyton, Enid
Corporate Author: Title
Format: Book
Published: London : Dean , 2001
Subjects:

MARC

LEADER 00000cam a2200000 7i4500
001 0000003047
005 20151222.0
008 070717
020 |a 0603562000 
090 0 0 |a JF   |b ENG 
100 1 |a Blyton, Enid 
245 1 0 |a The adventures of the wishing-chair   |c Enid Blyton 
260 |a London :   |b Dean ,   |c 2001 
500 |a Children ages 10-12 years old (pink) 
650 0 |a Adventure 
650 0 |a Junior fiction   |x English   |x languages 
710 0 |a Title 
999 |a 0000960205   |b Book   |c Children Collection   |e Cawangan Batu Pahat 
999 |a 0000960206   |b Book   |c Children Collection   |e Cawangan Bandar Penawar 
999 |a 0000960207   |b Book   |c Teenagers   |e Cawangan Batu Pahat 
999 |a 0001041401   |b Book   |c Children Collection   |e Cawangan Tangkak 
999 |a 0001041403   |b Book   |c Children Collection   |e Cawangan Taman Sri Lambak 
999 |a 0001041404   |b Book   |c Children Collection   |e Cawangan Kota Tinggi